ORGANIZATION OF A MICROSATELLITE CONSORTIUM FOR FRAXINUS SPECIES

Bibliographic Details
Main Authors: Lefort, F. (Author), Frascaria, N.-Lacoste (Author), Isaac, P. (Author), Vendramin, G. G. (Author)
Format: Article
Language:English

MARC

LEADER 00000nab a2200000uu 4500
001 vtls011539939
003 SK-MaSNL
005 20260303173745.0
008 230218|2000 xo |||||||||||||||||eng|
015 |a SNBRB 
035 |a (urnnbn)urn:nbn:sk:snk:ar-a09qqu 
035 |a (uuid)175a0cdd-7f4d-4f76-b6a8-32fe6e590cba 
035 |a urn:nbn:sk:snk-abeyam 
040 |a SNKBUCL  |b slo  |c SNKBUCL  |e AACR2 
041 0 |a eng 
044 |a xo  |c SK 
100 1 |a Lefort, F.  |4 aut  |9 1200409 
245 1 0 |a ORGANIZATION OF A MICROSATELLITE CONSORTIUM FOR FRAXINUS SPECIES  |c F. Lefort, N. Frascaria-Lacoste, P. Isaac, G. G. Vendramin 
700 1 |a Frascaria, N.-Lacoste  |4 aut  |9 1159161 
700 1 |a Isaac, P.  |4 aut  |9 1200426 
700 1 |a Vendramin, G. G.  |4 aut  |9 1200411 
773 0 |t Forest Genetics : international journal of forest genetics  |g Roč. 7, č. 1 (2000), s. 83-84 
958 |a OND 
958 |a EUIPO 
958 |a article22 
999 |c 2093778  |d 2095708